ბათუმის შოთა რუსთაველის სახელმწიფო უნივერსიტეტის ბიბლიოთეკა

Лабораторные работы по технологий машиностроения. (ბიბ.ჩანაწერი № 40741)

000 -LEADER
fixed length control field 00739nam a2200217Ia 4500
001 - CONTROL NUMBER
control field 7380
003 - CONTROL NUMBER IDENTIFIER
control field GE_BSU
008 - FIXED-LENGTH DATA ELEMENTS--GENERAL INFORMATION
fixed length control field 181216s||||||||xx |||||||||||||| ||und||
040 ## - CATALOGING SOURCE
Transcribing agency GE_BSU
080 ## - UNIVERSAL DECIMAL CLASSIFICATION NUMBER
Universal Decimal Classification number 621.91(075.32)
100 ## - MAIN ENTRY--PERSONAL NAME
Personal name Данилевский,В.В.
245 ## - TITLE STATEMENT
Title Лабораторные работы по технологий машиностроения.
245 ## - TITLE STATEMENT
Remainder of title Учебное пособие.
245 ## - TITLE STATEMENT
Statement of responsibility, etc. Ред.М.Т.Самсонова.
260 ## - PUBLICATION, DISTRIBUTION, ETC.
Place of publication, distribution, etc. М.
260 ## - PUBLICATION, DISTRIBUTION, ETC.
Name of publisher, distributor, etc. Высшая школа.
260 ## - PUBLICATION, DISTRIBUTION, ETC.
Date of publication, distribution, etc. 1971.
300 ## - PHYSICAL DESCRIPTION
Extent 240стр. 20 см. с илл. библиогр.:стр.234.
653 ## - INDEX TERM--UNCONTROLLED
Uncontrolled term Лабораторные работы по технологий машиностроения.
942 ## - ADDED ENTRY ELEMENTS (KOHA)
Koha item type წიგნი
ეგზემპლარები
Withdrawn status Lost status Damaged status Not for loan Date acquired Barcode Date last seen Price effective from Koha item type
        2018-12-17 10166 2018-12-17 2018-12-17 წიგნი